[Event "Frankfurt Ch 2012"]
[Site "Ffm-Kalbach, LAZ"]
[Date "2012.05.08"]
[Round "2.29"]
[White "Reschke, Thomas"]
[Black "Roggensack, Hans Peter"]
[Result "1-0"]
[WhiteElo "2118"]
[BlackElo "1822"]
[PlyCount "89"]
[EventDate "2012.??.??"]
[WhiteTeam "SC Frankfurt-West"]
[BlackTeam "Sfr. Frankfurt 1921"]

1. c4 c6 2. b3 d5 3. Bb2 Bg4 4. g3 e6 5. Bg2 a5 6. Nf3 Nd7 7. O-O Ngf6 8. d4 a4
9. Nbd2 b5 10. cxd5 cxd5 11. bxa4 bxa4 12. a3 Bd6 13. Re1 O-O 14. e4 Nxe4 15.
Nxe4 dxe4 16. Rxe4 Nf6 17. Re2 Qa5 18. d5 Bc5 19. Bxf6 gxf6 20. h3 Bxf3 21.
Bxf3 Qc3 22. Rc2 Qd4 23. dxe6 Rad8 24. exf7+ Rxf7 25. Qxd4 Bxd4 26. Rd1 Rfd7
27. Kg2 Be5 28. Rxd7 Rxd7 29. Bc6 Rd3 30. Bxa4 Rxa3 31. Bb5 Rc3 32. Rd2 Rc7 33.
f4 Bc3 34. Rc2 Ba5 35. Ra2 Bb4 36. Kf3 Kg7 37. Bd3 Rd7 38. Bf5 Rc7 39. Ra8 Bf8
40. Bxh7 Kxh7 41. Rxf8 Kg7 42. Re8 Kf7 43. Re3 Rc1 44. Ra3 Rc7 45. g4 1-0

[Event "Frankfurt Ch 2012"]
[Site "Ffm-Kalbach, LAZ"]
[Date "2012.05.08"]
[Round "2.30"]
[White "Rosa, Mike"]
[Black "Plattner, Rolf"]
[Result "1-0"]
[WhiteElo "2041"]
[BlackElo "1680"]
[PlyCount "85"]
[EventDate "2012.??.??"]
[WhiteTeam "SC 1961 König Nied"]
[BlackTeam "SK Langen"]

1. e4 c5 2. Nf3 Nc6 3. Bc4 a6 4. a4 e6 5. Qe2 d6 6. O-O Nf6 7. Bb3 Be7 8. c3
Qc7 9. Rd1 Na5 10. Bc2 c4 11. d3 cxd3 12. Qxd3 Bd7 13. Na3 Rc8 14. Bg5 h6 15.
Bxf6 gxf6 16. Nd2 Rd8 17. Qe3 b5 18. axb5 axb5 19. b4 Nb7 20. Bd3 Qxc3 21. Nxb5
Qc8 22. Rdc1 Qb8 23. Nc7+ Kf8 24. Ra8 Qxa8 25. Nxa8 Rxa8 26. Qb6 Nd8 27. Bb5
Bxb5 28. Qxb5 f5 29. g3 f4 30. Qd7 fxg3 31. hxg3 Rg8 32. Rc8 Rxc8 33. Qxc8 Bf6
34. b5 Kg7 35. b6 Bd4 36. b7 Nxb7 37. Qxb7 Kf6 38. Kg2 h5 39. Nf3 Bc5 40. Qc6
e5 41. Qd7 Rb8 42. Qf5+ Ke7 43. Nxe5 1-0

[Event "Frankfurt Ch 2012"]
[Site "Ffm-Kalbach, LAZ"]
[Date "2012.05.08"]
[Round "2.31"]
[White "Imelmann, Esther"]
[Black "Holzschuh, Gerald"]
[Result "0-1"]
[WhiteElo "1599"]
[BlackElo "2007"]
[PlyCount "104"]
[EventDate "2012.??.??"]
[WhiteTeam "SC 1961 König Nied"]
[BlackTeam "SC Bad Nauheim"]

1. d4 Nf6 2. Nf3 g6 3. c4 c5 4. d5 d6 5. Nc3 Bg7 6. e4 O-O 7. Be2 e6 8. O-O
exd5 9. exd5 Bg4 10. Nd2 Bxe2 11. Qxe2 Re8 12. Qd3 Nbd7 13. Nf3 Ng4 14. Nd2 f5
15. h3 Nde5 16. Qc2 Nf6 17. f4 Nf7 18. Nf3 Ne4 19. Nxe4 Rxe4 20. Rb1 Qe7 21. b3
Re2 22. Bd2 Qe4 23. Qd1 Bd4+ 24. Kh1 Bf2 25. Ng1 Bxg1 26. Rxg1 Re8 27. a4 g5
28. Qc1 g4 29. Qc3 gxh3 30. Qxh3 Rxd2 31. Rbe1 Re2 32. Rxe2 Qxe2 33. Qxf5 Qe4
34. Qf6 Qe7 35. Qxe7 Rxe7 36. Rb1 a5 37. Kh2 Re3 38. g4 Nh6 39. g5 Nf5 40. Kg2
Nd4 41. Rf1 Nf5 42. Kf2 Kf7 43. Rh1 Kg6 44. Kg2 h6 45. gxh6 Nxh6 46. Rh4 Rxb3
47. f5+ Nxf5 48. Re4 Rb4 49. Kf3 Rxa4 50. Kf2 Rb4 51. Ke1 Nd4 52. Kd2 Rxc4 0-1

[Event "Frankfurt Ch 2012"]
[Site "Ffm-Kalbach, LAZ"]
[Date "2012.05.08"]
[Round "2.33"]
[White "Czech, Ludwig"]
[Black "Lehmann, Gerit"]
[Result "1-0"]
[WhiteElo "1961"]
[BlackElo "1407"]
[PlyCount "63"]
[EventDate "2012.??.??"]
[WhiteTeam "VSG 1880 Offenbach"]
[BlackTeam "Sfr. Frankfurt 1921"]

1. c4 Nf6 2. g3 e5 3. Bg2 c6 4. Nf3 e4 5. Nd4 d5 6. cxd5 cxd5 7. O-O Qb6 8. Nc2
Nc6 9. b3 Bc5 10. Nc3 Bd6 11. Bb2 O-O 12. d3 exd3 13. Qxd3 Nb4 14. Nxb4 Bxb4
15. Nxd5 Nxd5 16. Qxd5 Qe6 17. Qd4 Qf6 18. Qxf6 gxf6 19. Bxf6 Bg4 20. Bxb7 Bxe2
21. Bxa8 Bxf1 22. Kxf1 Rxa8 23. Rc1 Ba3 24. Rc4 Kf8 25. Rh4 Kg8 26. Rg4+ Kf8
27. Bg7+ Ke7 28. Re4+ Kd7 29. Rh4 Rc8 30. Rxh7 Rc1+ 31. Kg2 Rc2 32. Bd4 1-0

[Event "Frankfurt Ch 2012"]
[Site "Ffm-Kalbach, LAZ"]
[Date "2012.05.08"]
[Round "2.34"]
[White "Rutsatz, Mario"]
[Black "Lemonidis, Christos"]
[Result "1/2-1/2"]
[WhiteElo "1939"]
[BlackElo "1702"]
[PlyCount "82"]
[EventDate "2012.??.??"]
[WhiteTeam "Sfr. Frankfurt 1921"]
[BlackTeam "SC 1961 König Nied"]

1. c4 g6 2. Nc3 Bg7 3. g3 e5 4. Bg2 d6 5. e4 Nc6 6. Nge2 f5 7. d3 Nh6 8. O-O
O-O 9. f4 Kh8 10. Nd5 Be6 11. Kh1 Rb8 12. Rb1 Ne7 13. Be3 b6 14. fxe5 dxe5 15.
d4 Nf7 16. dxe5 Nxe5 17. Bg5 Bxd5 18. cxd5 Nf7 19. Be3 fxe4 20. Nf4 Nf5 21. Ne6
Nxe3 22. Nxd8 Nxd1 23. Nxf7+ Kg8 24. Rfxd1 Rxf7 25. Bxe4 Rd7 26. Kg2 Bf8 27.
Rbc1 Bd6 28. Bf3 Re7 29. Bg4 Re5 30. Rf1 Rf8 31. Be6+ Kg7 32. Rxf8 Kxf8 33.
Rf1+ Kg7 34. Rf7+ Kh8 35. Kf2 a5 36. h4 Re4 37. Kf3 Rb4 38. b3 a4 39. bxa4 Rxa4
40. g4 Rxa2 41. g5 Ra8 1/2-1/2

[Event "Frankfurt Ch 2012"]
[Site "Ffm-Kalbach, LAZ"]
[Date "2012.05.08"]
[Round "2.35"]
[White "Willenbring, Jens-Dirk"]
[Black "Gräbner, Walter"]
[Result "0-1"]
[WhiteElo "1522"]
[BlackElo "1935"]
[PlyCount "31"]
[EventDate "2012.??.??"]
[WhiteTeam "Bad Vilbeler Sfr.1985"]
[BlackTeam "SC 1961 König Nied"]

1. d4 Nf6 2. c4 c5 3. e3 g6 4. Nf3 Bg7 5. Nc3 O-O 6. Bd3 d5 7. O-O Nc6 8. dxc5
dxc4 9. Bxc4 Qa5 10. Qc2 Qxc5 11. Be2 Bf5 12. Qb3 Rfd8 13. Qb5 Qxb5 14. Nxb5
Bd3 15. Nbd4 Nxd4 16. Nxd4 0-1

[Event "Frankfurt Ch 2012"]
[Site "Ffm-Kalbach, LAZ"]
[Date "2012.05.08"]
[Round "2.37"]
[White "Haftmann, Rainer"]
[Black "Günther, Rainer"]
[Result "1-0"]
[WhiteElo "1845"]
[BlackElo "1603"]
[PlyCount "127"]
[EventDate "2012.??.??"]
[WhiteTeam "SAbt SG 1945 Dietzenbach"]
[BlackTeam "SV Mainz-Mombach"]

1. e4 c5 2. Nf3 d6 3. d4 cxd4 4. Nxd4 Nf6 5. Nc3 a6 6. Bg5 e5 7. Nb3 Be7 8. Qd2
Be6 9. Be2 Nc6 10. O-O O-O 11. Kh1 b5 12. Bxf6 Bxf6 13. Nd5 Bg5 14. f4 exf4 15.
Nxf4 Qe7 16. Rad1 Rfd8 17. Qc3 Rac8 18. Nxe6 Qxe6 19. Qg3 Qh6 20. c3 Ne5 21.
Rd5 f6 22. Rfd1 Nc4 23. Bxc4 bxc4 24. Nd4 Bf4 25. Nf5 Bxg3 26. Nxh6+ gxh6 27.
hxg3 Rc6 28. Rf1 Kg7 29. Rdf5 Rf8 30. Rd1 Re8 31. Rd4 Re5 32. Rf4 a5 33. a4 Kg6
34. Kh2 h5 35. g4 hxg4 36. Rxg4+ Rg5 37. Kh3 h5 38. Rf4 Rb6 39. Rd2 f5 40.
exf5+ Rxf5 41. Rxf5 Kxf5 42. Rd5+ Ke4 43. Rb5 Ra6 44. Rxh5 d5 45. Rh4+ Ke5 46.
Rd4 Rb6 47. Rd2 Rh6+ 48. Kg3 Rg6+ 49. Kf3 Rg5 50. Re2+ Kf5 51. Rd2 Ke5 52. g4
Kf6 53. Kf4 Re5 54. Rh2 Re4+ 55. Kf3 Re1 56. Rh6+ Kg5 57. Rh5+ Kg6 58. Rxd5
Rf1+ 59. Ke3 Rg1 60. g5 Rg2 61. Rb5 Rg3+ 62. Kd4 Rg4+ 63. Kc5 Rxg5+ 64. Kxc4
1-0

[Event "Frankfurt Ch 2012"]
[Site "Ffm-Kalbach, LAZ"]
[Date "2012.05.08"]
[Round "2.38"]
[White "Seickel, Ralf"]
[Black "Zerhusen, Martin"]
[Result "1-0"]
[WhiteElo "1928"]
[BlackElo "1610"]
[PlyCount "53"]
[EventDate "2012.??.??"]
[WhiteTeam "vereinslos"]
[BlackTeam "SV Oberursel"]

1. c4 c5 2. g3 Nc6 3. Bg2 Nf6 4. Nc3 d6 5. e3 Bd7 6. d4 cxd4 7. exd4 g6 8. Nge2
Bg7 9. O-O O-O 10. b3 Rb8 11. h3 a6 12. Be3 Qc8 13. Kh2 Nd8 14. Rc1 Bc6 15. d5
Be8 16. Ba7 Ra8 17. Bd4 Rb8 18. Ba7 Ra8 19. Be3 Rb8 20. Nd4 b6 21. Qe2 Bd7 22.
b4 Re8 23. b5 a5 24. Nc6 Bxc6 25. bxc6 e6 26. Qd3 Qc7 27. Nb5 1-0

[Event "Frankfurt Ch 2012"]
[Site "Ffm-Kalbach, LAZ"]
[Date "2012.05.08"]
[Round "2.39"]
[White "Kuhn, Luis"]
[Black "Muthig, Holger"]
[Result "1-0"]
[WhiteElo "1811"]
[BlackElo "1599"]
[PlyCount "51"]
[EventDate "2012.??.??"]
[WhiteTeam "SV 1929 Raunheim"]
[BlackTeam "Sfr. Frankfurt 1921"]

1. e4 c6 2. d4 d5 3. Nc3 dxe4 4. Nxe4 Nd7 5. Nf3 Ngf6 6. Ng3 e6 7. Bd3 Bd6 8.
Bg5 h6 9. Bd2 b6 10. Qe2 Qc7 11. O-O-O Bb7 12. Nf5 O-O-O 13. Nxd6+ Qxd6 14. Ne5
Qe7 15. Bf4 g5 16. Bg3 c5 17. Nxd7 Nxd7 18. Ba6 f5 19. Bxb7+ Kxb7 20. Qf3+ Ka6
21. Rd3 f4 22. Ra3+ Kb5 23. c4+ Kxc4 24. Rd1 cxd4 25. Qc6+ Qc5 26. Ra4# 1-0

[Event "Frankfurt Ch 2012"]
[Site "Ffm-Kalbach, LAZ"]
[Date "2012.05.08"]
[Round "2.40"]
[White "Balzereit, Georg"]
[Black "Gutacker, Stephan"]
[Result "1-0"]
[WhiteElo "1607"]
[BlackElo "1806"]
[PlyCount "48"]
[EventDate "2012.??.??"]
[WhiteTeam "vereinslos"]
[BlackTeam "Sfr.1932 Kelkheim"]

1. e4 e5 2. Nf3 Nc6 3. d4 exd4 4. Nxd4 Bc5 5. Be3 Qf6 6. c3 Nge7 7. Bc4 Ne5 8.
Be2 d5 9. O-O Qg6 10. Bh5 Qb6 11. b4 Bxd4 12. Bxd4 Qd6 13. f4 Nc4 14. Bc5 Qe6
15. exd5 Qxd5 16. Qe2 Qe6 17. Re1 Qxe2 18. Rxe2 Nd6 19. Nd2 g6 20. Bf3 Be6 21.
Bxd6 cxd6 22. Ne4 O-O-O 23. Rd2 Kc7 24. Rad1 Bxa2 1-0

[Event "Frankfurt Ch 2012"]
[Site "Ffm-Kalbach, LAZ"]
[Date "2012.05.08"]
[Round "2.42"]
[White "Steiz, Johann"]
[Black "Neumann, Manfred"]
[Result "0-1"]
[WhiteElo "1598"]
[BlackElo "1798"]
[PlyCount "30"]
[EventDate "2012.??.??"]
[WhiteTeam "ESV Grossenbaum e.V. 1973"]
[BlackTeam "SC 1961 König Nied"]

1. e4 c5 2. c3 d5 3. exd5 Qxd5 4. d4 Nc6 5. Nf3 Nf6 6. Be2 e6 7. O-O Be7 8. Na3
cxd4 9. Nb5 Qd8 10. Nbxd4 O-O 11. Nxc6 bxc6 12. Ne5 Qc7 13. Bf4 Bd6 14. Qd4 c5
15. Qe3 Nd5 0-1

[Event "Frankfurt Ch 2012"]
[Site "Ffm-Kalbach, LAZ"]
[Date "2012.05.08"]
[Round "2.43"]
[White "Nagel, Norbert"]
[Black "Sallwey, Rainer"]
[Result "1-0"]
[WhiteElo "1779"]
[BlackElo "1561"]
[PlyCount "104"]
[EventDate "2012.??.??"]
[WhiteTeam "SC Bad Nauheim"]
[BlackTeam "SK Langen"]

1. c4 e5 2. Nc3 Nf6 3. g3 c6 4. Bg2 d6 5. d3 Be7 6. Nf3 h6 7. O-O O-O 8. a3 Be6
9. b4 a6 10. Bb2 Qc8 11. Re1 Nbd7 12. Rc1 Qd8 13. Nd2 Rc8 14. a4 Nb8 15. b5 a5
16. Ba3 b6 17. bxc6 Nxc6 18. Rb1 Bd7 19. Nb5 Ne8 20. Ne4 Be6 21. Qb3 Nb4 22.
Nec3 Nf6 23. Na7 Rc7 24. Ncb5 Rxa7 25. Nxa7 d5 26. cxd5 Nfxd5 27. Qb2 f6 28.
Qd2 Bc5 29. Rec1 Qd7 30. Nb5 Rb8 31. e3 Ne7 32. Bxb4 Bxb4 33. Rxb4 axb4 34.
Qxb4 Rc8 35. Rxc8+ Nxc8 36. d4 exd4 37. Nxd4 Bf7 38. Bf1 Qc7 39. Qb2 Qc5 40.
Bb5 Nd6 41. Qc2 Qb4 42. Qd1 Nxb5 43. axb5 Qc5 44. Qc2 Qa3 45. Qc6 Qa5 46. Kg2
Kf8 47. Qc8+ Be8 48. Qa6 Bd7 49. Qxa5 bxa5 50. b6 Bc8 51. Kf3 a4 52. Nb5 Bb7+
1-0

[Event "Frankfurt Ch 2012"]
[Site "Ffm-Kalbach, LAZ"]
[Date "2012.05.08"]
[Round "2.44"]
[White "Riha, Peter"]
[Black "Schellen, Sven"]
[Result "1-0"]
[WhiteElo "1592"]
[BlackElo "1770"]
[PlyCount "95"]
[EventDate "2012.??.??"]
[WhiteTeam "SC Bergen-Enkheim 1922"]
[BlackTeam "Sfr. Frankfurt 1921"]

1. d4 Nf6 2. c4 c5 3. d5 e6 4. Nc3 exd5 5. cxd5 d6 6. Nf3 g6 7. Bf4 a6 8. a4
Bg7 9. e4 O-O 10. Nd2 Re8 11. Bd3 Nh5 12. Be3 Nd7 13. O-O Ne5 14. Be2 Nf6 15.
h3 c4 16. f3 Qc7 17. a5 Nfd7 18. Na4 Nd3 19. Bxd3 cxd3 20. Qb3 Ne5 21. Rfc1 Qe7
22. f4 Bh6 23. Nb6 Rb8 24. Re1 Nd7 25. Rac1 Nxb6 26. axb6 Bd7 27. Rc7 Bg7 28.
Qxd3 Bxb2 29. Nc4 Bg7 30. Na5 Bb5 31. Rxe7 Bxd3 32. Rxe8+ Rxe8 33. Nxb7 Rxe4
34. Bf2 Bd4 35. Rxe4 Bxf2+ 36. Kxf2 Bxe4 37. Nxd6 Bxd5 38. b7 Bxb7 39. Nxb7 Kg7
40. Ke3 f6 41. Ke4 g5 42. f5 Kh6 43. g4 Kg7 44. Kd5 Kh6 45. Ke6 Kg7 46. Ke7 Kh6
47. Kxf6 a5 48. Ke5 1-0

[Event "Frankfurt Ch 2012"]
[Site "Ffm-Kalbach, LAZ"]
[Date "2012.05.08"]
[Round "2.45"]
[White "Kraus, Eduard"]
[Black "Kletzerman, Simon"]
[Result "1-0"]
[WhiteElo "1764"]
[BlackElo "1546"]
[PlyCount "120"]
[EventDate "2012.??.??"]
[WhiteTeam "SV Bergwinkel"]
[BlackTeam "SAbt TuS Makkabi Ffm"]

1. d4 e6 2. c4 d5 3. Nf3 Nf6 4. Nc3 Be7 5. Bg5 O-O 6. e3 c6 7. Rc1 Nbd7 8. Bd3
dxc4 9. Bxc4 Nd5 10. Bxe7 Nxe7 11. O-O Nb6 12. Bd3 Ned5 13. Ne4 Nd7 14. Bb1
N5f6 15. Qd3 Nxe4 16. Qxe4 Nf6 17. Qc2 Qd5 18. Ne5 g6 19. Rcd1 Nh5 20. g4 Ng7
21. f4 f5 22. h3 Qd8 23. a3 Ne8 24. Ba2 Kg7 25. gxf5 Rxf5 26. Nf3 Nc7 27. Ng5
Rxg5+ 28. fxg5 Qxg5+ 29. Kf2 Nd5 30. Qe4 Bd7 31. Ke2 Nf6 32. Qe5 Qxe5 33. dxe5
Nd5 34. e4 Nb6 35. Rd6 c5 36. Bxe6 Bb5+ 37. Rd3 Rd8 38. Rfd1 Re8 39. Bg4 Rxe5
40. Ke3 Bxd3 41. Kxd3 Re8 42. Rc1 c4+ 43. Ke3 Rd8 44. Be2 Kf6 45. Bxc4 Rc8 46.
Rf1+ Ke5 47. Bb3 Nc4+ 48. Bxc4 Rxc4 49. Rf7 Rxe4+ 50. Kf3 Rh4 51. Kg3 Ra4 52.
Rxb7 h5 53. Rg7 Kf6 54. Rb7 h4+ 55. Kf3 g5 56. Rc7 a5 57. Rc6+ Kf5 58. Rc5+ Kg6
59. Rc6+ Kh5 60. Rc5 Rf4+ 1-0

[Event "Frankfurt Ch 2012"]
[Site "Ffm-Kalbach, LAZ"]
[Date "2012.05.08"]
[Round "2.46"]
[White "Mehl, Ulrich"]
[Black "Cors, Heinz-Friedrich"]
[Result "0-1"]
[WhiteElo "1553"]
[BlackElo "1762"]
[PlyCount "76"]
[EventDate "2012.??.??"]
[WhiteTeam "SAbt TSG Nieder-Erlenbach 1888"]
[BlackTeam "SV Schachforum Darmstadt 1994"]

1. d4 Nf6 2. c4 e6 3. Nc3 Bb4 4. Nf3 O-O 5. Qc2 c5 6. dxc5 Na6 7. Bd2 Nxc5 8.
e3 b6 9. a3 Bxc3 10. Bxc3 Nce4 11. Bb4 Re8 12. Rd1 Bb7 13. Be2 a5 14. Bd2 Nxd2
15. Rxd2 Rc8 16. O-O Qc7 17. Qb3 Ne4 18. Rd4 e5 19. Rdd1 Nc5 20. Qc3 a4 21. Nh4
Qd8 22. Nf3 Qf6 23. Qd2 h5 24. Ne1 h4 25. h3 Bc6 26. f3 Qg5 27. Nd3 Nb3 28. Qe1
Qxe3+ 29. Kh1 Nd4 30. Rf2 e4 31. fxe4 Bxe4 32. Nf4 g5 33. Rxd4 Qxd4 34. Nh5 Re6
35. Qf1 f5 36. Rxf5 Bxf5 37. Qxf5 Qe5 38. Nf6+ Qxf6 0-1

[Event "Frankfurt Ch 2012"]
[Site "Ffm-Kalbach, LAZ"]
[Date "2012.05.08"]
[Round "2.47"]
[White "Schneider, Marco"]
[Black "Fischer, Lutz"]
[Result "1-0"]
[WhiteElo "1750"]
[BlackElo "1530"]
[PlyCount "69"]
[EventDate "2012.??.??"]
[WhiteTeam "SC Nidderau"]
[BlackTeam "Sfr. Frankfurt 1921"]

1. Nf3 Nf6 2. d3 d5 3. g3 c5 4. Bg2 e6 5. Nbd2 Be7 6. O-O O-O 7. Re1 Nc6 8. c3
Qc7 9. e4 Rd8 10. Qc2 b6 11. Nf1 Bb7 12. e5 Nd7 13. Bf4 Rac8 14. h4 h5 15. Rac1
Nf8 16. d4 Qd7 17. Qe2 cxd4 18. Nxd4 g6 19. Nf3 Nh7 20. Red1 Rf8 21. Bh3 Rfe8
22. Ne3 Na5 23. Rd2 Nc4 24. Nxc4 Rxc4 25. Qxc4 dxc4 26. Rxd7 Bxf3 27. Rxa7 g5
28. hxg5 Nxg5 29. Bg2 Bg4 30. Rxe7 Nf3+ 31. Bxf3 Rxe7 32. Bxg4 hxg4 33. Rd1 Kg7
34. Rd6 Rb7 35. Kf1 1-0

[Event "Frankfurt Ch 2012"]
[Site "Ffm-Kalbach, LAZ"]
[Date "2012.05.08"]
[Round "2.48"]
[White "Knott, Tilo"]
[Black "Rolf, Marco"]
[Result "0-1"]
[WhiteElo "1539"]
[BlackElo "1737"]
[PlyCount "70"]
[EventDate "2012.??.??"]
[WhiteTeam "SC Brett vor'm Kopp Ffm"]
[BlackTeam "SK Bad Homburg 1927"]

1. d4 c5 2. d5 e6 3. Nc3 Nf6 4. Bg5 Qb6 5. Bxf6 gxf6 6. Rb1 f5 7. Nf3 d6 8. e3
Bg7 9. Bc4 e5 10. Ng5 h6 11. Bb5+ Bd7 12. Bxd7+ Nxd7 13. Ne6 Rg8 14. Qh5 Nf6
15. Nxg7+ Rxg7 16. Qxh6 Rg6 17. Qh8+ Ng8 18. Qh3 Nh6 19. e4 fxe4 20. Nxe4 Qb4+
21. Nc3 Ke7 22. f4 Qxf4 23. Rf1 Qg4 24. Qd3 Qxg2 25. Rf2 Qg1+ 26. Ke2 Qg4+ 27.
Qf3 Qxf3+ 28. Rxf3 Rg2+ 29. Rf2 Rxf2+ 30. Kxf2 Nf5 31. Rg1 Nd4 32. Rc1 Rh8 33.
Kg2 f5 34. Nd1 Ne2 35. Rb1 Nf4+ 0-1

[Event "Frankfurt Ch 2012"]
[Site "Ffm-Kalbach, LAZ"]
[Date "2012.05.08"]
[Round "2.49"]
[White "Heun, Andreas"]
[Black "Genis, Roy"]
[Result "0-1"]
[WhiteElo "1492"]
[BlackElo "1730"]
[PlyCount "88"]
[EventDate "2012.??.??"]
[WhiteTeam "SC Ladja Roßdorf"]
[BlackTeam "Sfr. Frankfurt 1921"]

1. e4 e5 2. Nc3 Bc5 3. Bc4 Nf6 4. d3 d6 5. Bg5 h6 6. Bh4 c6 7. Qd2 a5 8. a3 Bg4
9. f3 Bh5 10. Bf2 Qb6 11. Bxc5 Qxc5 12. Qf2 Qxf2+ 13. Kxf2 Nbd7 14. g4 Bg6 15.
h4 b5 16. Ba2 b4 17. Nce2 bxa3 18. bxa3 Rb8 19. Nh3 Rb2 20. Bb3 Nc5 21. Rab1
Rxb1 22. Rxb1 Ke7 23. Ba2 Nfd7 24. h5 Bh7 25. Ke3 Rb8 26. Rxb8 Nxb8 27. c3 Ne6
28. d4 f6 29. f4 Nc7 30. g5 exf4+ 31. Nhxf4 hxg5 32. Ng6+ Bxg6 33. hxg6 Nd7 34.
Ng3 Nb5 35. Nf5+ Kf8 36. Be6 Nb6 37. c4 Nxa3 38. c5 dxc5 39. d5 Nac4+ 40. Kd3
Ne5+ 41. Kc3 cxd5 42. exd5 Nxg6 43. d6 Ne5 44. Ne3 g6 0-1

[Event "Frankfurt Ch 2012"]
[Site "Ffm-Kalbach, LAZ"]
[Date "2012.05.08"]
[Round "2.50"]
[White "Storch, Dominik"]
[Black "Popp, Matthias"]
[Result "1-0"]
[WhiteElo "1730"]
[BlackElo "1519"]
[PlyCount "57"]
[EventDate "2012.??.??"]
[WhiteTeam "Sabt Frankfurter TV 1860"]
[BlackTeam "SC Bergen-Enkheim 1922"]

1. f4 d6 2. Nf3 g6 3. e4 Bg7 4. Bc4 Nc6 5. a3 Nf6 6. d3 O-O 7. O-O Bg4 8. h3
Bh5 9. g4 Nxg4 10. hxg4 Bxg4 11. Qe1 Nd4 12. Nxd4 Bxd4+ 13. Kg2 Qd7 14. Rh1 Bh5
15. Qg3 b5 16. Bb3 Kh8 17. Nc3 f5 18. Bd2 fxe4 19. dxe4 c6 20. Rae1 Rf6 21. Rh4
Raf8 22. Reh1 e6 23. Qd3 Bb6 24. Ne2 Qe7 25. Ng3 e5 26. f5 d5 27. Bg5 Qc5 28.
Bxf6+ Rxf6 29. Rf1 1-0

[Event "Frankfurt Ch 2012"]
[Site "Ffm-Kalbach, LAZ"]
[Date "2012.05.08"]
[Round "2.51"]
[White "Zepuntke, Thomas"]
[Black "Bergner, Matthias"]
[Result "1-0"]
[WhiteElo "1729"]
[BlackElo "1514"]
[PlyCount "49"]
[EventDate "2012.??.??"]
[WhiteTeam "vereinslos"]
[BlackTeam "SF Hannover"]

1. d4 d5 2. Nf3 e6 3. c4 c6 4. Nc3 Nf6 5. e3 Bd6 6. Bd3 Nbd7 7. O-O O-O 8. b3
b6 9. a4 Bb7 10. e4 dxe4 11. Nxe4 Nxe4 12. Bxe4 Qc7 13. h3 g6 14. Bh6 Rfe8 15.
Ng5 Nf6 16. Qf3 Be7 17. Rac1 Rab8 18. d5 exd5 19. cxd5 c5 20. d6 Qd7 21. Bxb7
Rxb7 22. dxe7 Qxe7 23. Rfe1 Qxe1+ 24. Rxe1 Rxe1+ 25. Kh2 1-0

[Event "Frankfurt Ch 2012"]
[Site "Ffm-Kalbach, LAZ"]
[Date "2012.05.08"]
[Round "2.52"]
[White "Lanz, Jürgen"]
[Black "Larem, Peter"]
[Result "0-1"]
[WhiteElo "1468"]
[BlackElo "1726"]
[PlyCount "56"]
[EventDate "2012.??.??"]
[WhiteTeam "SC 1979 Hattersheim"]
[BlackTeam "SSg Rödermark/Eppertshausen"]

1. d4 Nf6 2. c4 c5 3. d5 b5 4. a4 b4 5. Nf3 g6 6. Qc2 Bg7 7. e4 d6 8. h3 a5 9.
Bf4 O-O 10. Bd3 e6 11. O-O e5 12. Be3 Nh5 13. Qc1 f5 14. Bg5 Qe8 15. Bh6 f4 16.
Bxg7 Kxg7 17. Nbd2 h6 18. Nh2 g5 19. Qd1 Nd7 20. Be2 Ndf6 21. Ng4 Nxg4 22. hxg4
Nf6 23. Re1 Rh8 24. f3 h5 25. gxh5 Qxh5 26. Bf1 Qh4 27. Bd3 g4 28. Kf1 Qh1+ 0-1

[Event "Frankfurt Ch 2012"]
[Site "Ffm-Kalbach, LAZ"]
[Date "2012.05.08"]
[Round "2.53"]
[White "Möller, Wolfgang"]
[Black "Budde, Michael"]
[Result "0-1"]
[WhiteElo "1452"]
[BlackElo "1720"]
[PlyCount "92"]
[EventDate "2012.??.??"]
[WhiteTeam "SF Vonkeln 1931"]
[BlackTeam "SC 1979 Hattersheim"]

1. e4 Nf6 2. e5 Nd5 3. d4 d6 4. c4 Nb6 5. exd6 exd6 6. b3 Nc6 7. Nf3 Bg4 8. Be2
Be7 9. Bb2 Bf6 10. Nbd2 Bf5 11. a3 a5 12. O-O O-O 13. Re1 Re8 14. Nf1 d5 15.
Ng3 Be4 16. c5 Nd7 17. Qd2 Bg6 18. Bd3 Bxd3 19. Qxd3 Nxc5 20. Qb5 Ne6 21. Qd3
Qd6 22. Nf5 Qd7 23. Rad1 Ne7 24. Ne5 Bxe5 25. Rxe5 Ng6 26. Ree1 Nef4 27. Qc2
Rxe1+ 28. Rxe1 Ra6 29. Bc1 Rc6 30. Qb1 Rf6 31. Bxf4 Rxf5 32. Bxc7 Rg5 33. Bg3
h5 34. Qc1 Rg4 35. Qd2 h4 36. h3 Re4 37. Rxe4 dxe4 38. Bf4 Qb5 39. b4 axb4 40.
axb4 f5 41. Qa2+ Kh7 42. Bd6 Qc6 43. Bc5 Nf4 44. Be7 Qc1+ 45. Kh2 Qf1 46. f3
Ne2 0-1

[Event "Frankfurt Ch 2012"]
[Site "Ffm-Kalbach, LAZ"]
[Date "2012.05.08"]
[Round "2.54"]
[White "Arnold, Michael"]
[Black "Weber, Axel"]
[Result "0-1"]
[WhiteElo "1703"]
[BlackElo "1490"]
[PlyCount "130"]
[EventDate "2012.??.??"]
[WhiteTeam "SK Langen"]
[BlackTeam "Sfr. Frankfurt 1921"]

1. e4 e6 2. d3 d5 3. Qe2 Nf6 4. Nf3 Nc6 5. g3 Be7 6. Bg2 dxe4 7. dxe4 e5 8. O-O
O-O 9. Nc3 Bg4 10. h3 Nd4 11. Qd3 Nxf3+ 12. Bxf3 Bxh3 13. Rd1 Qxd3 14. Rxd3 c6
15. Bg5 Be6 16. Rad1 h6 17. Bc1 Bc4 18. R3d2 Bb4 19. a3 Bxc3 20. bxc3 g5 21.
Rd6 Be6 22. Bg2 Ne8 23. R6d3 Nc7 24. Be3 Kg7 25. Bc5 Rfe8 26. Bd6 Bc4 27. Bxc7
Bxd3 28. Rxd3 g4 29. c4 f6 30. c5 Kf7 31. Bf1 Rac8 32. Rd7+ Re7 33. Bc4+ Ke8
34. Rxe7+ Kxe7 35. Bd6+ Kd7 36. a4 a5 37. Bf7 b5 38. axb5 cxb5 39. Kf1 a4 40.
Ke2 a3 41. Kd2 Ra8 42. Ba2 Ra4 43. c4 bxc4 44. Kc3 Kc6 45. Bf8 h5 46. Bh6 Kxc5
47. Be3+ Kd6 48. Bc1 Ke7 49. Bd2 Kf8 50. Bc1 Kg7 51. Bd2 Kg6 52. Bc1 f5 53.
exf5+ Kxf5 54. Be3 Ke4 55. Bc5 Kf3 56. Be3 Kg2 57. Bc5 Kh3 58. Be7 e4 59. Bg5
Kg2 60. Be3 Kf3 61. Bd4 Ra6 62. Kxc4 Ra4+ 63. Kc3 Rxd4 64. Kxd4 Kxf2 65. Kxe4
Kxg3 0-1

[Event "Frankfurt Ch 2012"]
[Site "Ffm-Kalbach, LAZ"]
[Date "2012.05.08"]
[Round "2.55"]
[White "Bastian, Holger"]
[Black "Crnjac, Zdravko"]
[Result "1-0"]
[WhiteElo "1690"]
[BlackElo "1468"]
[PlyCount "93"]
[EventDate "2012.??.??"]
[WhiteTeam "Aschaffenburg- Schweinheim e.V."]
[BlackTeam "SAbt TSG Nieder-Erlenbach 1888"]

1. g3 e6 2. Bg2 d6 3. Nf3 Ne7 4. e4 Nd7 5. O-O h6 6. d3 g5 7. Nbd2 Ng6 8. Qe2
e5 9. c3 a6 10. d4 Bg7 11. Nb3 b6 12. a4 Bb7 13. a5 Nf6 14. d5 Nd7 15. axb6
cxb6 16. Be3 Nf6 17. Ne1 a5 18. Qb5+ Nd7 19. Qa4 O-O 20. Nc2 f5 21. exf5 Rxf5
22. Bh3 Rf7 23. Be6 Qe7 24. Nd2 Kh7 25. Bxf7 Qxf7 26. c4 Bc8 27. Na3 Bf8 28.
Qd1 Rb8 29. Qf3 Nf6 30. Ne4 Be7 31. Nb5 Bg4 32. Nxf6+ Bxf6 33. Qxg4 Rd8 34.
Bxb6 Rd7 35. Rxa5 e4 36. Qf5 Kg7 37. Bd4 Bxd4 38. Qxf7+ Kxf7 39. Nxd4 Kf6 40.
Nc6 Rb7 41. b4 Kf5 42. Rfa1 Ne5 43. Nxe5 Kxe5 44. b5 Kd4 45. Rc1 g4 46. Ra6 Kc5
47. Rc6+ 1-0